Diccionario de autores iberoamericanos
में बचाया:
| मुख्य लेखक: | |
|---|---|
| स्वरूप: | पुस्तक |
| भाषा: | Undetermined |
| प्रकाशित: |
Madrid, España
Ministerio de Asuntos Exteriores
1982
|
| विषय: | |
| टैग: |
टैग जोड़ें
कोई टैग नहीं, इस रिकॉर्ड को टैग करने वाले पहले व्यक्ति बनें!
|
MARC
| LEADER | 00000nam a2200000Ia 4500 | ||
|---|---|---|---|
| 008 | 170316s9999 xx 000 0 und d | ||
| 040 | |a cru BVZT | ||
| 090 | |a R-413 S-1d LIT | ||
| 100 | |a Shimose, Pedro | ||
| 245 | |a Diccionario de autores iberoamericanos | ||
| 260 | |a Madrid, España | ||
| 260 | |b Ministerio de Asuntos Exteriores | ||
| 260 | |c 1982 | ||
| 300 | |a 459 páginas | ||
| 630 | |l Español | ||
| 650 | |a REFERENCIA |9 27 | ||
| 650 | 0 | |a DICCIONARIO |9 28 | |
| 650 | 0 | |a LITERATURA |9 63 | |
| 650 | 0 | |a ESCRITORES IBEROAMERICANOS |9 67 | |
| 942 | |c REF |2 z | ||
| 999 | |c 14741 |d 14741 | ||
